| 000 | 01005nam a22002417a 4500 | ||
|---|---|---|---|
| 003 | OSt | ||
| 005 | 20251027195313.0 | ||
| 008 | 240205b ||||| |||| 00| 0 eng d | ||
| 040 | _c0 | ||
| 082 | _aDPer 621.317 Ie21 January 2022 v. 37 n. 1 | ||
| 100 |
_aXu, Fei. _eauthor. _951416 |
||
| 245 |
_aOverall loss compensation and optimization control in single-stage inductive power transfer converter delivering constant power / _cFei Xu, Siu-Chung Wong, and Chi K. Tse. |
||
| 260 |
_aNew York ; _bThe Institute of Electrical and Electronics Engineers, Inc. , _cJanuary 2022. |
||
| 300 |
_aVolume 37, pages 1146-1158 : _billustration ; _c28 cm. |
||
| 500 | _aIEEE Transactions on Power Electronics, v. 37 n. 1, pages 1146-1158, January 2022. | ||
| 650 | 0 |
_aBatteries. _965875 |
|
| 650 | 0 |
_aCouplers. _965920 |
|
| 650 | 0 |
_aWireless communication. _965912 |
|
| 700 |
_aXu, Fei. _eauthor. _951416 |
||
| 700 |
_aWong, Siu-Chung. _eauthor. _951417 |
||
| 700 |
_aTse, Chi K. _eauthor. _951418 |
||
| 942 |
_2ddc _cPER |
||
| 999 |
_c18920 _d18920 |
||